000 00724nam a2200205 a 4500
001 000005393
005 20200929151650.0
008 090819s1987 sp a 001 0 spa d
020 _a840006660X
040 _aDO-SdBNP
_bspa
_cBNPHU
082 _axxx
_bL411g
100 1 _aLaviana Cuetos, María Luisa
_915303
245 1 0 _aGuayaquil en el siglo XVIII :
_brecursos naturales y desarrollo económico /
_cMaría Luisa Laviana Cuetos.
260 _aSevilla, España :
_bEscuela de Estudios Hispano - Americanos, CSIC,
_c1987.
300 _a446 p. :
_bil. ;
_c24 cm.
500 _aIncluye tabla de contenido
500 _aIncluye referencia bibliográficas
700 1 _aNavarro García, Luis,
_eprólogo
_914972
049 _aBNPD
999 _c5193
_d5193